Województwa polskie. - Statystyki

Ogólne statystyki
  • Ten quiz został rozwiązany 65 razy
  • Średni wynik to 14 z 16
Statystyki odpowiedzi
Obrazkowy Odpowiedź % Poprawnych
mazowieckie
97%
małopolskie
95%
śląskie
95%
dolnośląskie
91%
lubuskie
91%
opolskie
91%
pomorskie
91%
lubelskie
90%
wielkopolskie
90%
łódzkie
86%
świętokrzyskie
86%
warmińsko mazurskie
86%
zachodnio pomorskie
86%
kujawsko pomorskie
84%
podlaskie
84%
podkarpackie
79%
Nie znaleziono quizów pasujących do podanych kryteriów
Rozkład punktacji
Procent ludzi z każdym wynikiem
Percentyl według liczby udzielonych odpowiedzi
Twoja historia wyników
Nie rozwiązałeś tego quizu